| 000 | 00760nam a22002057a 4500 | ||
|---|---|---|---|
| 003 | BUBTL | ||
| 008 | 190505b xxu||||| |||| 00| 0 eng d | ||
| 020 | _a978-984-404-347-3 | ||
| 082 | _a891.443/ R13b/ 1998 | ||
| 100 |
_95152 _aরায়হান, জহির |
||
| 245 |
_aবরফ গলা নদী / _cজহির রায়হান |
||
| 250 | _a1st Edn | ||
| 260 |
_aঢাকা: _bঅনুপম প্রকাশনী, _cc1998 |
||
| 300 |
_a96 p.: _c22 cm. |
||
| 505 | _aবরফ গলা নদী, জহির রায়হান, বাংলা সাহিত্য | ||
| 650 | 0 |
_91689 _aবাংলা সাহিত্য |
|
| 856 |
_k0 _l0 _yDownload |
||
| 942 |
_2ddc _cBK |
||
| 999 |
_c6037 _d6037 |
||